|
|
|
|
| LEADER |
01006ncm a2200265 a 4500 |
| 001 |
000159619 |
| 003 |
CZ BrMZK |
| 005 |
20041125075826.0 |
| 008 |
960101s1996 xr f cze d |
| 020 |
|
|
|a 80-85934-00-0
|
| 040 |
|
|
|a BOA001
|b cze
|
| 080 |
|
|
|a 787.61.087.5
|2 MRF
|
| 100 |
1 |
|
|a Tárrega, Francisco,
|d 1852-1909
|7 jn19990210608
|4 cmp
|
| 245 |
1 |
0 |
|a Lacrima, Mazurca Do Maggiore, Tango... [et al.]
|h [hudebnina] /
|c Francisco Tárrega ; [vybral a revidoval Radovan Ryska].
|
| 260 |
|
|
|a Pardubice :
|b Hudební vydavatelství a nakladatelství H,
|c 1996
|
| 300 |
|
|
|a 19 s. ;
|c 30 cm
|
| 490 |
1 |
|
|a Kytara ;
|v díl 3
|
| 500 |
|
|
|a Náz. a text též franc., něm. - Pro kytaru solo
|
| 653 |
0 |
|
|a kytarové instruktivní skladby
|
| 700 |
1 |
|
|a Ryska, Radovan
|7 jx20040622026
|4 ant
|
| 830 |
|
0 |
|a Kytara
|
| 910 |
|
|
|a BOA001
|b Mus4-1031.582
|
| 964 |
|
|
|a Kytara
|x skladby instruktivní
|x HUD
|
| 990 |
|
|
|a MU
|
| 996 |
6 |
|
|b 2610050339
|c Mus4-1031.582
|l MZK
|r Sklad / do 1 hodiny
|n 9
|p p.v.
|w 000159619
|u 000010
|a 1
|e BOA001
|j MZK50
|s P
|